| 000 | 00787cab a2200277 4500 | ||
|---|---|---|---|
| 001 | ABS56108 | ||
| 008 | 090401t1996 xxu||||| |||| 00| 0 eng d | ||
| 035 | _a(Sirsi) u21264 | ||
| 041 | _aeng | ||
| 100 | _aMessenger, R. | ||
| 245 | _aValuing the clean up costs | ||
| 260 | _c1996 | ||
| 350 | _a0 | ||
| 490 |
_aInsight _v(9) 9 October 1996, 244-245(2) |
||
| 520 | _aConsiders the implications of the `polluter pays` principle for the valuation of contaminated land. | ||
| 650 | _aCLEAN-UP COSTS | ||
| 650 | _aCONTAMINATED LAND | ||
| 650 | _aLAND VALUES | ||
| 650 | _aPOLLUTER PAYS PRINCIPLE | ||
| 650 | _aVALUATION ISSUES | ||
| 690 | _aENVIRONMENTAL AND LAND CONSULTANCY | ||
| 690 | _aRATING AND VALUATION | ||
| 700 | _aRose, E | ||
| 942 | _n0 | ||
| 948 | _c04/03/1997 | ||
| 999 |
_c14275 _d14275 |
||